भारत की बेटीःसुनीता विलियम्स / (Record no. 18481)

MARC details
000 -LEADER
fixed length control field 01772nam a22003137a 4500
005 - DATE AND TIME OF LATEST TRANSACTION
control field 2008111702102.0
008 - FIXED-LENGTH DATA ELEMENTS--GENERAL INFORMATION
fixed length control field 081117t xxu||||| |||| 00| 0 hin d
010 ## - LCCN (DPL NO)
LC control number HIN-84934
020 ## - INTERNATIONAL STANDARD BOOK NUMBER
International Standard Book Number 8190183966
Terms of availability 200.00
035 ## - SYSTEM CONTROL NUMBER
System control number HN-57280
037 ## - SOURCE OF ACQUISITION
Source of stock number/acquisition DBAD / PUB
040 ## - CATALOGING SOURCE
Original cataloging agency DPL
Language of cataloging HN
082 ## - DEWEY DECIMAL CLASSIFICATION NUMBER
Classification number 629.450092
100 ## - MAIN ENTRY--PERSONAL NAME
Personal name अंजली
245 ## - TITLE STATEMENT
Title भारत की बेटीःसुनीता विलियम्स /
Statement of responsibility, etc अंजली
246 ## - VARYING FORM OF TITLE
Title proper/short title Bharat ke beti:Sunita Williams
Remainder of title by Anjali
260 ## - PUBLICATION, DISTRIBUTION, ETC. (IMPRINT)
Place of publication, distribution, etc दिल्ली
Name of publisher, distributor, etc सुभाष चन्द्र एंड संस
Date of publication, distribution, etc 2008
270 ## - ADDRESS
Address WZ-841, तीसरी मंजिल, मौहल्ला बढ़ियाल, बाटा चौक, पालम गाँव
City दिल्ली
Postal code 110045
300 ## - PHYSICAL DESCRIPTION
Extent 120पृ
Dimensions 22सेमी (सजिल्द)
Other physical details सचित्र
600 ## - SUBJECT ADDED ENTRY--PERSONAL NAME
Personal name Williams, Sunita, 1965-
600 ## - SUBJECT ADDED ENTRY--PERSONAL NAME
Personal name विलियम्स, सुनीता, 1965-
650 ## - SUBJECT ADDED ENTRY--TOPICAL TERM
Topical term or geographic name as entry element अंतरिक्ष यात्री
General subdivision जीवनी
Geographic subdivision संयुक्त राज्य
650 ## - SUBJECT ADDED ENTRY--TOPICAL TERM
Topical term or geographic name as entry element Astronauts
General subdivision Biography
Geographic subdivision United States
650 ## - SUBJECT ADDED ENTRY--TOPICAL TERM
Topical term or geographic name as entry element अंतरिक्ष यात्री
General subdivision जीवनी
Geographic subdivision भारत
650 ## - SUBJECT ADDED ENTRY--TOPICAL TERM
Topical term or geographic name as entry element Astronauts
General subdivision Biography
Geographic subdivision India
942 ## - ADDED ENTRY ELEMENTS (KOHA)
Source of classification or shelving scheme Dewey Decimal Classification
Item type Hindi Books
Call number suffix अंजली
Classification part 629.450092
Holdings
Withdrawn status Lost status Source of classification or shelving scheme Damaged status Not for loan Collection code Home library Current library Date acquired Source of acquisition Cost, normal purchase price Total Checkouts Full call number Barcode Date last seen Copy number Cost, replacement price Koha item type
    Dewey Decimal Classification   Not For Loan Non-fiction D.B.Act.Division D.B.Act.Division 17/11/2008 DBAD / PUB 200.00   629.450092 अंजली HN-57280 17/11/2008 1 200.00 Hindi Books
    Dewey Decimal Classification     Non-fiction Janak Puri Janak Puri 16/09/2009 DBAD / PUB 200.00 25 629.450092 अंजली B-358287 14/06/2013 1 200.00 Hindi Books

© Delhi Public Library
Hit Counter
free hit counter